00860nam a22002417a 4500003000500000005001700005008004100022010001000063011001000073035001100083040000900094100002900103245013600132260004000268300001500308502007500323530003600398650003100434650002500465650002700490700003700517856006400554CHAP20220329143357.0090128s2008 mx r 00010 spa d a95718 a96690 a107346 cCHAP1 aCortés Valencia, Paul.10aSexado de semen ovino utilizando la técnica columnas de albúminac/por Paul Cortés Valencia y Pamela Semiramis Flores Miranda aChapingo, Méx. :bEl autor,c2008 avii, 31 h. aTesis (Ing. Agr. Esp. en Zootecnia) -- UACH. Departamento de Zootecnia aTambién disponible en línea14aInseminación artificial.14aSemenxGanado lanar.14aSexoxDeterminación.1 aFlores Miranda, Pamela Semiramis 3Finding aiduhttp://10.13.5.2/tesis/107346.pdfzTeclea aqui